Guess the Mystery Song from the Lyrics #5 - Statistics

General Stats
  • This quiz has been taken 4 times
  • The average score is 166 of 215
Answer Stats
Lyrics % Correct
a
100%
and
100%
And
100%
are
100%
can
100%
dance
100%
dancing
100%
Dancing
100%
Dancing Queen - ABBA
100%
do
100%
for
100%
get
100%
Having
100%
having
100%
in
100%
jive
100%
life
100%
lights
100%
look
100%
low
100%
night
100%
Night
100%
of
100%
on
100%
only
100%
queen
100%
scene
100%
that
100%
the
100%
time
100%
watch
100%
when
100%
you
100%
You
100%
your
100%
be
67%
Digging
67%
digging
67%
feel
67%
Friday
67%
from
67%
girl
67%
go
67%
is
67%
Looking
67%
mood
67%
oh
67%
out
67%
place
67%
See
67%
see
67%
seventeen
67%
sweet
67%
them
67%
to
67%
Where
67%
will
67%
young
67%
Young
67%
You're
67%
you're
67%
Anyone
33%
beat
33%
chance
33%
could
33%
gone
33%
Ooh
33%
ooh
33%
tambourine
33%
then
33%
they
33%
yeah
33%
another
0%
Anybody
0%
bit
0%
burning
0%
come
0%
everything
0%
fine
0%
Getting
0%
guy
0%
high
0%
king
0%
Leave
0%
music
0%
music's
0%
play
0%
right
0%
rock
0%
swing
0%
teaser
0%
turn
0%
With
0%
No matching quizzes found
Score Distribution
Percent of People with Each Score
Percentile by Number Answered
Your Score History
You have not taken this quiz